|
|
|
|
| LEADER |
01019nam a22002537a 4500 |
| 001 |
32990 |
| 003 |
BD-DhAAL |
| 005 |
20180415150218.0 |
| 008 |
180415s2003 bg ||||| |||| 00| 0 ben d |
| 999 |
|
|
|c 39251
|d 39251
|
| 020 |
|
|
|a 9843210179
|
| 040 |
|
|
|a BD-DhAAL
|
| 041 |
|
|
|a BEN
|
| 082 |
|
|
|a 954.9205
|2 22
|
| 100 |
|
|
|a মোহাম্মদ,তাজুল
|9 25530
|
| 245 |
|
|
|a মুক্তিযুদ্ধের গাথা /
|c তাজুল মোহাম্মদ
|
| 260 |
|
|
|a ঢাকা :
|b উৎস প্রকাশন,
|c c২০০৩
|
| 300 |
|
|
|a ১৬৪ পৃষ্ঠা :
|c ২২ সে. মি.
|
| 526 |
|
|
|a AAL
|
| 541 |
|
|
|a Development Book Agency
|e 32990
|
| 651 |
|
|
|a Bangladesh
|v Fictiom
|x History
|x Revolution
|y 1971
|9 25531
|
| 852 |
|
|
|a Ayesha Abed Library
|c General Stacks
|
| 942 |
|
|
|2 ddc
|c BK
|
| 952 |
|
|
|0 0
|1 0
|2 ddc
|4 0
|6 954_920500000000000_MOH
|7 0
|9 63153
|a BRACUL
|b BRACUL
|c BNC
|d 2018-04-11
|e Development Book Agency
|g 119.00
|l 0
|o 954.9205 MOH
|p 3010032990
|r 2018-04-11
|t 1
|v 140.00
|w 2018-04-11
|y BK
|